00342nam a2200133 a 45000010010000000030011000100080041000210350026000620820016000881000019001042450020001232600046001436500019001890000-8836ELIB.Books110520 1943  a(ELIB.Books)0000-8982 a270.6 bLut aLuther, Martin aThree Treatises bPhiladelphia: The Muhlenberg Press c1943 aChurch History